দ্বিজেন্দ্রলাল গ্রন্থাবলী / (Record no. 44724)
[ view plain ]
| 000 -LEADER | |
|---|---|
| fixed length control field | 01309nam a2200265 a 4500 |
| 001 - CONTROL NUMBER | |
| control field | 44724 |
| 003 - CONTROL NUMBER IDENTIFIER | |
| rucl marc code | BD-RjUL |
| 005 - DATE AND TIME OF LATEST TRANSACTION | |
| control field | 20211209053915.0 |
| 008 - FIXED-LENGTH DATA ELEMENTS--GENERAL INFORMATION | |
| fixed length control field | 160720s1946 ii ||||| |||| 00| 0 ben d |
| 020 ## - INTERNATIONAL STANDARD BOOK NUMBER | |
| Terms of availability | : IRs. 10.00 |
| 035 ## - SYSTEM CONTROL NUMBER | |
| System control number | (BD-RjUL)44842 |
| 040 ## - CATALOGING SOURCE | |
| Original cataloging agency | BD-RjUL |
| Language of cataloging | ben |
| Transcribing agency | BD-RjUL |
| 041 ## - LANGUAGE CODE | |
| Language code of text/sound track or separate title | ben |
| 082 ## - DEWEY DECIMAL CLASSIFICATION NUMBER | |
| Edition number | 23 |
| Classification number | 891.44108 |
| Author mark and year | DID 1946 |
| 100 ## - MAIN ENTRY--PERSONAL NAME | |
| Personal name | দ্বিজেন্দ্রলাল |
| 9 (RLIN) | 137129 |
| 245 10 - TITLE STATEMENT | |
| Title | দ্বিজেন্দ্রলাল গ্রন্থাবলী / |
| Statement of responsibility, etc. | দ্বিজেন্দ্রলাল ; সম্পাদক : ব্রজেন্দ্রনাথ বন্দ্যোপাধ্যায়, সজনীকান্ত দাস |
| 250 ## - EDITION STATEMENT | |
| Edition statement | ১ম সং. |
| 260 ## - PUBLICATION, DISTRIBUTION, ETC. (IMPRINT) | |
| Place of publication, distribution, etc. | কলিকাতা : |
| Name of publisher, distributor, etc. | বঙ্গীয়-সাহিত্য পরিষৎ, |
| Date of publication, distribution, etc. | ১৯৪৬ (১৩৫৩) |
| 300 ## - PHYSICAL DESCRIPTION | |
| Pagination | [১০], ৭৩৪ পৃ. : |
| Illustrations | চিত্র ; |
| Size | ২৪ সেমি. |
| 650 ## - SUBJECT ADDED ENTRY--TOPICAL TERM | |
| Topical term or geographic name as entry element | বাংলা কবিতা |
| General subdivision | সংগ্রহ |
| 9 (RLIN) | 126131 |
| Topical term or geographic name as entry element | Bengali Poetry |
| General subdivision | Collections |
| 9 (RLIN) | 137130 |
| 700 ## - ADDED ENTRY--PERSONAL NAME | |
| Personal name | বন্দ্যোপাধ্যায়, ব্রজেন্দ্রনাথ, সম্পাদক |
| Personal name | দাস, সজনীকান্ত, সম্পাদক |
| 942 ## - ADDED ENTRY ELEMENTS (KOHA) | |
| Source of classification or shelving scheme | Dewey Decimal Classification |
| Koha item type | Books |
| Lost status | Source of classification or shelving scheme | Damaged status | Not for loan | Collection code | Permanent Location | Current Location | Shelving location | Date acquired | Source of acquisition | Cost, normal purchase price | Total Checkouts | Full call number | Date last seen | Copy number | Koha item type |
|---|---|---|---|---|---|---|---|---|---|---|---|---|---|---|---|
| Dewey Decimal Classification | Non-fiction | Central Library, University of Rajshahi | Central Library, University of Rajshahi | 18/06/1990 | Sawkat Osman, Dhaka | 10.00 | B 891.44108 DID 1946 | 20/07/2016 | C-2 | Books | |||||
| Dewey Decimal Classification | Not For Loan | Non-fiction | Central Library, University of Rajshahi | Central Library, University of Rajshahi | Reading Room | 02/04/1957 | Kamal book | 10.00 | B 891.44108 DID 1946 | 22/02/2017 | C-1 | Books |